| 000 | 00402nam a2200133 a 4500 | ||
|---|---|---|---|
| 090 |
_aLB _b05447 |
||
| 041 | _aspa | ||
| 100 |
_aPalomar Avilés, Raúl _4Ed. _992640 |
||
| 245 | _aManual de acceso a la cooperación internacional | ||
| 260 |
_aBogotá _bAgencia Presidencial para la Acción Social y la Cooperación Internacional _bAECI _c2007 |
||
| 300 | _a139 p. | ||
| 942 | _cIMPRESO | ||
| 945 | _d2009-05-13 | ||
| 999 |
_c6830 _d6830 |
||